[Event "Rennes op 3th"]
[Site "Rennes"]
[Date "2010.07.21"]
[Round "8"]
[White "Platel, Alexandre"]
[Black "Rachid, Danial"]
[Result "1-0"]
[WhiteElo "2237"]
[BlackElo "2039"]
[PlyCount "55"]
[EventDate "2010.07.17"]
[EventType "swiss"]
[EventRounds "9"]
[EventCountry "FRA"]
[SourceTitle "EXT 2011"]
[Source "ChessBase"]
[SourceDate "2010.11.26"]
[SourceVersion "1"]
[SourceVersionDate "2010.11.26"]
[SourceQuality "1"]

1. e4 e6 2. d4 d5 3. Nc3 Bb4 4. Nge2 dxe4 5. a3 Be7 6. Nxe4 Nf6 7. Nxf6+ Bxf6 8. Be3 0-0 9. Qd2 c5 10. Rd1 Nc6 11. dxc5 Qxd2+ 12. Rxd2 Bxb2 13. c3 Bxa3 14. Ra2 Nb4 15. cxb4 Bxb4+ 16. Kd1 e5 17. Nc1 Rd8+ 18. Kc2 a5 19. Bc4 Bf5+ 20. Kb3 Rac8 21. Rg1 b6 22. cxb6 Rxc4 23. Kxc4 Be6+ 24. Kb5 Bd7+ 25. Ka6 Ra8+ 26. Kb7 Rc8 27. Rd1 Be6 28. Ka7 1-0

[Event "Rennes op 3th"]
[Site "Rennes"]
[Date "2010.07.21"]
[Round "6"]
[White "Rachid, Danial"]
[Black "Piankov, Evgenij"]
[Result "1-0"]
[WhiteElo "2039"]
[BlackElo "2324"]
[PlyCount "79"]
[EventDate "2010.07.17"]
[EventType "swiss"]
[EventRounds "9"]
[EventCountry "FRA"]
[SourceTitle "EXT 2011"]
[Source "ChessBase"]
[SourceDate "2010.11.26"]
[SourceVersion "1"]
[SourceVersionDate "2010.11.26"]
[SourceQuality "1"]

1. e4 g6 2. d4 Bg7 3. Nc3 c6 4. Be3 d5 5. Be2 Nh6 6. f3 f6 7. Qd2 Nf7 8. h4 a6 9. a4 a5 10. Nh3 Na6 11. Nf4 Nb4 12. Nd3 Nxd3+ 13. Bxd3 e6 14. 0-0-0 Bf8 15. Ne2 Bd7 16. Rde1 Bb4 17. c3 Be7 18. Qc2 Qc7 19. h5 g5 20. exd5 cxd5 21. Bxh7 Qc6 22. Bg6 Qxa4 23. Bxf7+ Kxf7 24. Qg6+ Kf8 25. Kb1 Be8 26. Qd3 Bb5 27. Qd2 Bc4 28. Nc1 Kf7 29. g4 b5 30. f4 gxf4 31. Bxf4 b4 32. Qe3 Ra6 33. g5 fxg5 34. Bxg5 bxc3 35. Rh2 Rb6 36. Qf4+ Ke8 37. Qc7 Qb4 38. Bxe7 c2+ 39. Rxc2 Qxe1 40. Bc5 1-0

[Event "FRA-ch U16"]
[Site "Troyes"]
[Date "2010.04.16"]
[Round "7"]
[White "Rachid, Danial"]
[Black "Wurtz, Guillaume"]
[Result "1-0"]
[WhiteElo "2040"]
[BlackElo "1864"]
[PlyCount "91"]
[EventDate "2010.04.11"]
[EventType "swiss"]
[EventRounds "9"]
[EventCountry "FRA"]
[SourceTitle "EXT 2012"]
[Source "ChessBase"]
[SourceDate "2011.11.24"]
[SourceVersion "1"]
[SourceVersionDate "2011.11.24"]
[SourceQuality "1"]

1. e4 c5 2. Nc3 Nc6 3. Nf3 g6 4. d4 cxd4 5. Nxd4 Bg7 6. Nde2 Nf6 7. g3 0-0 8. Bg2 d6 9. 0-0 Bd7 10. h3 Na5 11. a4 a6 12. Nf4 Nc4 13. Nd3 Qc7 14. Nd5 Nxd5 15. exd5 b5 16. Re1 Rfe8 17. axb5 Bxb5 18. c3 Na5 19. Nb4 Bc4 20. Bg5 Nb3 21. Ra3 h6 22. Be3 Nc5 23. Bd4 Bxd4 24. Qxd4 Bb5 25. c4 Ba4 26. Qh4 Kg7 27. Rae3 Ra7 28. Na2 a5 29. Nc3 Rb7 30. Ne2 Bb3 31. Nd4 Ba4 32. f4 Nb3 33. Nxb3 Bxb3 34. f5 gxf5 35. Qd4+ Kg8 36. Bf1 Bc2 37. Kh1 Qd7 38. Re6 Be4+ 39. R6xe4 fxe4 40. Rxe4 f5 41. Re6 Kh7 42. Qh4 Qxe6 43. dxe6 Rxb2 44. Bd3 Rf2 45. g4 Kg7 46. Qxf2 1-0

[Event "FRA-ch U16"]
[Site "Troyes"]
[Date "2010.04.14"]
[Round "5"]
[White "Rachid, Danial"]
[Black "Khalfaoui, Mathias"]
[Result "1-0"]
[WhiteElo "2040"]
[BlackElo "1760"]
[PlyCount "43"]
[EventDate "2010.04.11"]
[EventType "swiss"]
[EventRounds "9"]
[EventCountry "FRA"]
[SourceTitle "EXT 2012"]
[Source "ChessBase"]
[SourceDate "2011.11.24"]
[SourceVersion "1"]
[SourceVersionDate "2011.11.24"]
[SourceQuality "1"]

1. e4 d6 2. d4 Nf6 3. Nc3 g6 4. Bg5 Bg7 5. Qd2 b6 6. 0-0-0 0-0 7. f3 c5 8. Nge2 Nc6 9. h4 a6 10. h5 Bh8 11. dxc5 bxc5 12. hxg6 fxg6 13. Bxf6 Bxf6 14. Qd5+ Kg7 15. Qxc6 Rb8 16. f4 Bb7 17. Qa4 Qb6 18. b3 Bc6 19. Qc4 Bb5 20. Qe6 Bxe2 21. Bxe2 Bxc3 22. Qxe7+ 1-0

[Event "Le Touquet op-A 24th"]
[Site "Le Touquet"]
[Date "2009.10.24"]
[Round "1"]
[White "Rachid, Danial"]
[Black "Payen, Arnaud"]
[Result "0-1"]
[WhiteElo "1947"]
[BlackElo "2356"]
[PlyCount "58"]
[EventDate "2009.10.24"]
[EventType "swiss"]
[EventRounds "9"]
[EventCountry "FRA"]
[SourceTitle "EXT 2010"]
[Source "ChessBase"]
[SourceDate "2010.11.25"]
[SourceVersion "1"]
[SourceVersionDate "2010.11.25"]
[SourceQuality "1"]

1. e4 g6 2. d4 Bg7 3. Bc4 c5 4. c3 Qa5 5. Nf3 cxd4 6. Nxd4 Nf6 7. f3 0-0 8. 0-0 Qc5 9. Qd3 e5 10. Be3 exd4 11. cxd4 Qa5 12. e5 d5 13. Bb3 Ne8 14. Nc3 Be6 15. Bd2 Qd8 16. Qb5 Nc6 17. Be3 Qd7 18. Nxd5 Nxe5 19. Qxd7 Nxd7 20. Ne7+ Kh8 21. d5 Bf5 22. Ba4 Nb6 23. Bb3 Nd6 24. Bc5 Rfd8 25. Rad1 Nbc8 26. Rfe1 Bf6 27. Nxf5 Nxf5 28. g4 Nfd6 29. f4 h6 0-1

[Event "Rennes op 2nd"]
[Site "Rennes"]
[Date "2009.07.16"]
[Round "2"]
[White "Allorant, Adrien"]
[Black "Rachid, Danial"]
[Result "1-0"]
[WhiteElo "2072"]
[BlackElo "1910"]
[PlyCount "105"]
[EventDate "2009.07.15"]
[EventType "swiss"]
[EventRounds "9"]
[EventCountry "FRA"]
[SourceTitle "EXT 2011"]
[Source "ChessBase"]
[SourceDate "2010.11.26"]
[SourceVersion "1"]
[SourceVersionDate "2010.11.26"]
[SourceQuality "1"]

1. d4 Nf6 2. Nf3 c5 3. d5 g6 4. g3 Bg7 5. Bg2 0-0 6. 0-0 d6 7. c4 a6 8. Nc3 Bg4 9. Nd2 Qd7 10. a4 a5 11. Re1 Na6 12. Nf1 Nb4 13. f3 Bh3 14. e4 Ne8 15. Ne3 Bxg2 16. Kxg2 Nc7 17. h4 e5 18. g4 Ne8 19. Ne2 Bf6 20. Rh1 Ng7 21. Ng3 Qd8 22. g5 Be7 23. Ng4 f5 24. gxf6 Bxf6 25. Nxf6+ Qxf6 26. Bg5 Qf7 27. Qe2 h5 28. Ra3 Qd7 29. Kf2 Rf7 30. Ke1 Raf8 31. Kd2 Qc7 32. Rf1 Qb6 33. Kc3 Qc7 34. b3 Qd7 35. Qg2 Kh7 36. Raa1 Ne8 37. Ne2 Nf6 38. Ng1 Ng8 39. Nh3 Kg7 40. Bd2 Rf6 41. Ng5 Ne7 42. Ne6+ Rxe6 43. Qh3 Nexd5+ 44. cxd5 Re7 45. Qg3 Ref7 46. Rf2 Rf4 47. Rg1 Qf7 48. Bxf4 exf4 49. Qg5 Kh7 50. Kc4 Qg7 51. Rd2 Nc2 52. Qxh5+ Kg8 53. Rxg6 1-0

[Event "FRA-ch U16"]
[Site "Aix les Bains"]
[Date "2009.04.20"]
[Round "2"]
[White "Rachid, Danial"]
[Black "Muheim, Sebastien"]
[Result "0-1"]
[WhiteElo "1901"]
[BlackElo "2031"]
[PlyCount "74"]
[EventDate "2009.04.19"]
[EventType "swiss"]
[EventRounds "9"]
[EventCountry "FRA"]
[SourceTitle "CBM 130 Extra"]
[Source "ChessBase"]
[SourceDate "2009.07.02"]
[SourceVersion "2"]
[SourceVersionDate "2009.07.15"]
[SourceQuality "1"]

1. e4 c5 2. Nc3 a6 3. a4 e6 4. g3 d5 5. Bg2 Nf6 6. d3 Be7 7. Nge2 Nc6 8. 0-0 d4 9. Nb1 e5 10. f4 Be6 11. Nd2 Qc7 12. Nf3 Bd6 13. c3 Bg4 14. Bd2 Nd7 15. Rc1 0-0 16. f5 f6 17. h3 Bh5 18. g4 Bf7 19. h4 Qb6 20. g5 Bb3 21. Qe1 c4 22. a5 Qa7 23. Kh1 Nc5 24. cxd4 Nxd3 25. Qg3 Nxc1 26. Rxc1 Rad8 27. d5 Nd4 28. Nfxd4 exd4 29. Bf4 d3 30. Bxd6 Rxd6 31. Qxd6 dxe2 32. Qe6+ Kh8 33. Qe7 Qb8 34. Re1 Re8 35. Qf7 Bd1 36. gxf6 Rg8 37. Bf3 Qe5 0-1